00528nam a2200169Ia 4500008004100000041000800041082001300049100001300062245005400075260001400129300000800143365000800151700001300159906002700172999001900199952014000218230718s9999 xx 000 0 und d aeng a003bWEB aWebsters aInternational Websters Pocket Spelling Dictionary c2001bCBS a314 cRs. aWebsters dB:293403-Nov-2001cLIB c302457d302457 00104070aCCEPbCCEPd2001-11-03eMasurkar EnterprisesfLIBi2934l0o003pCCEP-BK-13664r2023-07-18 00:00:00w2001-11-03yBKz013664